[Event "Katowice POL-HUN 10th"]
[Site "Katowice"]
[Date "2023.09.09"]
[Round "1"]
[White "Rog, Mateusz"]
[Black "Zochowski, Kacper"]
[Result "0-1"]
[WhiteElo "1444"]
[BlackElo "2256"]
[PlyCount "114"]
[EventDate "2023.09.09"]
[EventType "swiss (rapid)"]
[EventRounds "9"]
[EventCountry "POL"]
[SourceTitle "EXT 2024"]
[Source "ChessBase"]
[SourceDate "2023.10.10"]
[SourceVersion "1"]
[SourceVersionDate "2023.10.10"]
[SourceQuality "1"]

1. d4 d6 2. Nf3 Nd7 3. g3 e5 4. dxe5 dxe5 5. Bg2 Ngf6 6. 0-0 Be7 7. Nc3 0-0 8. Bg5 c6 9. Qd2 Qc7 10. Rad1 h6 11. Bxf6 Nxf6 12. h3 Bf5 13. Qe3 Bd6 14. Ne1 Rfe8 15. Qf3 Bg6 16. e4 Bb4 17. Qe3 Qb6 18. Qe2 Bxc3 19. bxc3 Qc5 20. Rb1 b6 21. Rb3 Rad8 22. Nd3 Qc4 23. Re1 c5 24. f3 Qa4 25. Nc1 Rd7 26. Rd1 Red8 27. Rxd7 Qxd7 28. Qd3 Qe7 29. Qe2 Ne8 30. Ra3 f6 31. Kh2 Bf7 32. Qa6 Nc7 33. Qb7 Rd7 34. Rxa7 Qd6 35. Qb8+ Kh7 36. Rb7 b5 37. Nd3 Bc4 38. Nb2 Bxa2 39. Qa7 Bc4 40. Rb6 Qe7 41. Nxc4 bxc4 42. Qa4 Rd2 43. Qxc4 Rxc2 44. Rc6 Qd7 45. Rxc5 Qd2 46. Qf1 Rxc3 47. Rxc3 Qxc3 48. Qf2 Ne6 49. f4 exf4 50. gxf4 Qc7 51. Kg3 g5 52. e5 gxf4+ 53. Kg4 fxe5 54. Be4+ Kg7 55. Qh4 Ng5 56. Bf5 Qc3 57. Qf2 Qxh3# 0-1

[Event "Warsaw Najdorf Memorial op-B"]
[Site "Warsaw"]
[Date "2021.07.15"]
[Round "6"]
[White "Rog, Mateusz"]
[Black "Kozak, Jan"]
[Result "1-0"]
[WhiteElo "1523"]
[BlackElo "1285"]
[PlyCount "95"]
[EventDate "2021.07.10"]
[EventType "swiss"]
[EventRounds "9"]
[EventCountry "POL"]
[SourceTitle "EXT 2022"]
[Source "ChessBase"]
[SourceDate "2021.10.06"]
[SourceVersion "1"]
[SourceVersionDate "2021.10.06"]
[SourceQuality "1"]

1. e4 d6 2. d4 g6 3. f4 Bg7 4. Nf3 Nf6 5. Nc3 0-0 6. Bc4 Nxe4 7. Bxf7+ Rxf7 8. Nxe4 Bf5 9. Qe2 Nc6 10. c3 Qd7 11. Nfg5 Rff8 12. d5 Nd8 13. h3 Bxe4 14. Qxe4 Qf5 15. Qxe7 Qxd5 16. 0-0 h6 17. Nf3 Ne6 18. Re1 Rae8 19. Qd7 Nc5 20. Qxe8 Rxe8 21. Rxe8+ Kf7 22. Re1 b5 23. Be3 Ne6 24. a4 b4 25. cxb4 Bxb2 26. Rab1 Bf6 27. b5 Qa2 28. Bxa7 Nxf4 29. Bf2 Qxa4 30. b6 cxb6 31. Rxb6 Nd3 32. Rb7+ Kf8 33. Re6 Qa1+ 34. Be1 Nxe1 35. Rxe1 Qc3 36. Rb8+ Kf7 37. Rb7+ Kf8 38. Rf1 Qe3+ 39. Kh1 g5 40. h4 Qe2 41. Nh2 g4 42. Rxf6+ Ke8 43. Rf1 g3 44. Rbb1 gxh2 45. Rbe1 Qxe1 46. Rxe1+ Kd7 47. g4 d5 48. g5 1-0

[Event "Rubinstein Memorial-C 55th"]
[Site "Polanica Zdroj"]
[Date "2019.08.17"]
[Round "1"]
[White "Rog, Mateusz"]
[Black "Tokmantsev, Ivan"]
[Result "1-0"]
[WhiteElo "1473"]
[BlackElo "1918"]
[PlyCount "89"]
[EventDate "2019.08.17"]
[EventType "swiss"]
[EventRounds "9"]
[EventCountry "POL"]
[SourceTitle "EXT 2020"]
[Source "ChessBase"]
[SourceDate "2019.10.17"]
[SourceVersion "1"]
[SourceVersionDate "2019.10.17"]
[SourceQuality "1"]

1. e4 e6 2. d4 d5 3. exd5 exd5 4. Nf3 Nf6 5. Bd3 Bd6 6. 0-0 0-0 7. h3 h6 8. Nbd2 Re8 9. c4 c6 10. Qc2 Nbd7 11. b3 Nf8 12. Bb2 Be6 13. Ne5 dxc4 14. bxc4 Bc7 15. Ndf3 Bc8 16. Rab1 Ne6 17. Bc3 Bb6 18. Rfd1 Nf4 19. Bf1 N6h5 20. d5 cxd5 21. cxd5 f6 22. Nc4 Bc5 23. Bb4 Bxb4 24. Rxb4 b5 25. Ne3 a5 26. Rxb5 Ba6 27. Rc5 Bxf1 28. Kxf1 Qd7 29. Rc7 Qb5+ 30. Kg1 Qb6 31. Nd4 Rad8 32. Ndf5 Qa6 33. Nxh6+ Kh8 34. Nf7+ Kg8 35. Nxd8 Rxd8 36. Nf5 Re8 37. Ne7+ Kh8 38. Ng6+ Kg8 39. Nxf4 Nxf4 40. d6 Re2 41. Qb3+ Kh7 42. Qf7 Ne6 43. Qh5+ Kg8 44. Re7 Qb6 45. Re8+ 1-0

[Event "Wroclaw op"]
[Site "Wroclaw"]
[Date "2019.08.08"]
[Round "5"]
[White "Rog, Mateusz"]
[Black "Kowalczuk, Mikolaj"]
[Result "1-0"]
[WhiteElo "1473"]
[BlackElo "1942"]
[PlyCount "49"]
[EventDate "2019.08.05"]
[EventType "swiss"]
[EventRounds "9"]
[EventCountry "POL"]
[SourceTitle "CBM 191 Extra"]
[Source "ChessBase"]
[SourceDate "2019.09.30"]
[SourceVersion "1"]
[SourceVersionDate "2019.09.30"]
[SourceQuality "1"]

1. e4 c5 2. Nf3 g6 3. d4 cxd4 4. Nxd4 Nc6 5. Nc3 Bg7 6. Be3 Nf6 7. Bc4 0-0 8. Bb3 a5 9. a4 d5 10. exd5 Nb4 11. Ndb5 Bd7 12. Qe2 Rc8 13. 0-0 Bf5 14. Rfd1 Qd7 15. Bb6 Ne8 16. Bxa5 Na6 17. Bb6 Nd6 18. Bd4 Bh6 19. h3 Qd8 20. g4 Bd7 21. Nxd6 exd6 22. Ne4 f5 23. Nxd6 Bf4 24. Nxc8 Qxc8 25. d6+ 1-0

[Event "POL-chT U20 2nd League"]
[Site "Szczyrk"]
[Date "2017.07.28"]
[Round "9.60"]
[White "Rog, Mateusz"]
[Black "Miasik, Adrian"]
[Result "0-1"]
[WhiteElo "1376"]
[BlackElo "1938"]
[PlyCount "142"]
[EventDate "2017.07.22"]
[EventType "team-swiss"]
[EventRounds "11"]
[EventCountry "POL"]
[SourceTitle "EXT 2019"]
[Source "ChessBase"]
[SourceDate "2018.10.10"]
[SourceVersion "1"]
[SourceVersionDate "2018.10.10"]
[SourceQuality "1"]

1. e4 e5 2. Nf3 Nc6 3. Bc4 Bc5 4. c3 Qe7 5. 0-0 Nf6 6. d4 Bb6 7. Re1 d6 8. h3 h6 9. b4 a6 10. a4 a5 11. b5 Nb8 12. Ba3 Nbd7 13. Nbd2 0-0 14. Bf1 Re8 15. Nc4 Qe6 16. d5 Qe7 17. Nxb6 Nxb6 18. Rc1 Nbd7 19. Nh4 g6 20. Qf3 Kh7 21. g3 Kg7 22. Rc2 Nh7 23. Kh2 Nb6 24. c4 Nxa4 25. c5 Nxc5 26. Bxc5 dxc5 27. Qc3 b6 28. f4 Qf6 29. fxe5 Qxe5 30. Qxe5+ Rxe5 31. Nf3 Re7 32. e5 Bb7 33. Bc4 Rae8 34. Rce2 Nf8 35. Nd2 Nd7 36. Nf3 f6 37. e6 Nf8 38. g4 Rd8 39. Rd2 g5 40. h4 Ng6 41. h5 Nf4 42. Kg3 Rd6 43. Rdd1 Bxd5 44. Bxd5 Nxd5 45. Nh2 Nf4 46. Rxd6 cxd6 47. Nf1 Rxe6 48. Ne3 Kf7 49. Nc2 Rxe1 50. Nxe1 a4 51. Nc2 Ke6 52. Kf3 Nd5 53. Ke2 Nc3+ 54. Kd3 Nxb5 55. Kc4 Nd4 56. Nxd4+ cxd4 57. Kxd4 a3 58. Kc3 b5 59. Kb3 b4 60. Ka2 Kd5 61. Kb3 Kd4 62. Kc2 Kc4 63. Kb1 Kc3 64. Ka1 Kc2 65. Ka2 d5 66. Ka1 d4 67. Ka2 d3 68. Ka1 d2 69. Ka2 f5 70. gxf5 d1Q 71. f6 Qb1# 0-1

[Event "POL-chT U20 2nd League"]
[Site "Szczyrk"]
[Date "2017.07.27"]
[Round "8.66"]
[White "Kawalko, Adam"]
[Black "Rog, Mateusz"]
[Result "1/2-1/2"]
[WhiteElo "1848"]
[BlackElo "1376"]
[PlyCount "84"]
[EventDate "2017.07.22"]
[EventType "team-swiss"]
[EventRounds "11"]
[EventCountry "POL"]
[SourceTitle "EXT 2019"]
[Source "ChessBase"]
[SourceDate "2018.10.10"]
[SourceVersion "1"]
[SourceVersionDate "2018.10.10"]
[SourceQuality "1"]

1. e4 c5 2. Nf3 d6 3. d4 cxd4 4. Nxd4 Nf6 5. Nc3 a6 6. Be2 e5 7. Nb3 Be7 8. 0-0 0-0 9. Re1 Be6 10. Bf3 Nbd7 11. Nd2 Qb8 12. a4 Rc8 13. Nf1 Bd8 14. Ne3 Ba5 15. Bd2 Qc7 16. Re2 g6 17. Qe1 Bb6 18. Qd1 Bd4 19. Re1 Nb6 20. Ng4 Nxg4 21. Bxg4 Nc4 22. Bxe6 fxe6 23. Bc1 Qb6 24. Rf1 Rf8 25. Qe1 Nxb2 26. Rb1 Bxc3 27. Qxc3 Nxa4 28. Rxb6 Nxc3 29. Rxd6 Nxe4 30. Rxe6 Rfe8 31. Rb6 Rab8 32. Re1 Nc5 33. Ba3 Na4 34. Rb4 b5 35. c4 Nc5 36. Reb1 Red8 37. cxb5 axb5 38. g3 Rd3 39. Rxb5 Rxb5 40. Rxb5 Rxa3 41. Rxc5 Ra1+ 42. Kg2 Re1 1/2-1/2

[Event "POL-chT U20 2nd League"]
[Site "Szczyrk"]
[Date "2017.07.24"]
[Round "4.78"]
[White "Rudecki, Bartosz"]
[Black "Rog, Mateusz"]
[Result "0-1"]
[WhiteElo "1943"]
[BlackElo "1376"]
[PlyCount "88"]
[EventDate "2017.07.22"]
[EventType "team-swiss"]
[EventRounds "11"]
[EventCountry "POL"]
[SourceTitle "EXT 2019"]
[Source "ChessBase"]
[SourceDate "2018.10.10"]
[SourceVersion "1"]
[SourceVersionDate "2018.10.10"]
[SourceQuality "1"]

1. e4 c5 2. Nf3 d6 3. d4 cxd4 4. Nxd4 Nf6 5. Nc3 a6 6. Bg5 e6 7. f4 Qb6 8. Nb3 Be7 9. Be2 h6 10. Bh4 Nxe4 11. Nxe4 Bxh4+ 12. g3 Be7 13. Qd2 d5 14. Nf2 Nc6 15. Nd3 Bd7 16. 0-0-0 Rc8 17. Kb1 0-0 18. g4 a5 19. h4 a4 20. Na1 g6 21. f5 g5 22. Rh3 exf5 23. hxg5 Bxg5 24. Qe1 fxg4 25. Rh5 Rfe8 26. Qf1 Nd4 27. Re1 Nxe2 28. Rxe2 Rxe2 29. Qxe2 Qg1+ 30. Qe1 Qxe1+ 31. Nxe1 Re8 32. Nd3 Bb5 33. Rh1 Bxd3 34. cxd3 f5 35. Nc2 f4 36. Kc1 g3 37. Ne1 f3+ 38. Kd1 g2 39. Nxg2 fxg2 40. Rg1 Re3 41. Rxg2 Rxd3+ 42. Kc2 Rd2+ 43. Rxd2 Bxd2 44. Kxd2 h5 0-1

[Event "POL-chT U20 2nd League"]
[Site "Szczyrk"]
[Date "2017.07.23"]
[Round "2.36"]
[White "Grela, Kacper"]
[Black "Rog, Mateusz"]
[Result "1-0"]
[WhiteElo "2313"]
[BlackElo "1376"]
[PlyCount "113"]
[EventDate "2017.07.22"]
[EventType "team-swiss"]
[EventRounds "11"]
[EventCountry "POL"]
[SourceTitle "EXT 2019"]
[Source "ChessBase"]
[SourceDate "2018.10.10"]
[SourceVersion "1"]
[SourceVersionDate "2018.10.10"]
[SourceQuality "1"]

1. d4 d5 2. c4 c6 3. Nc3 Nf6 4. Nf3 Bf5 5. cxd5 Nxd5 6. Bd2 e6 7. g3 Be7 8. Bg2 0-0 9. 0-0 Nd7 10. Re1 N7b6 11. e4 Nxc3 12. bxc3 Bg4 13. Qb3 Bxf3 14. Bxf3 e5 15. Be3 Bg5 16. Rad1 Bxe3 17. Rxe3 Qe7 18. d5 Rad8 19. c4 Qc5 20. Rc1 cxd5 21. exd5 Rfe8 22. Qa3 Qc7 23. d6 Rxd6 24. c5 Rh6 25. cxb6 Qd7 26. bxa7 Ra6 27. Qxa6 bxa6 28. Rxe5 Rxe5 29. a8Q+ Re8 30. Qxe8+ Qxe8 31. Bb7 Kf8 32. Rc8 a5 33. Rxe8+ Kxe8 34. Bc6+ Ke7 35. Kf1 Kd6 36. Bb5 f5 37. Ke2 g6 38. Ke3 Kc5 39. a4 Kd5 40. Kf4 Kd4 41. Kg5 Ke4 42. Kh6 Kf3 43. Kxh7 g5 44. Kg6 f4 45. Kxg5 fxg3 46. fxg3 Kg2 47. h4 Kxg3 48. h5 Kf3 49. h6 Ke4 50. h7 Kd4 51. h8Q+ Kc5 52. Qe5+ Kb4 53. Qd4+ Kb3 54. Bd3 Ka3 55. Bc2 Ka2 56. Qb6 Ka3 57. Qb3# 1-0

[Event "POL-chT U20 2nd League"]
[Site "Szczyrk"]
[Date "2017.07.22"]
[Round "1.61"]
[White "Rog, Mateusz"]
[Black "Kukula, Karol"]
[Result "0-1"]
[WhiteElo "1376"]
[BlackElo "1769"]
[PlyCount "80"]
[EventDate "2017.07.22"]
[EventType "team-swiss"]
[EventRounds "11"]
[EventCountry "POL"]
[SourceTitle "EXT 2019"]
[Source "ChessBase"]
[SourceDate "2018.10.10"]
[SourceVersion "1"]
[SourceVersionDate "2018.10.10"]
[SourceQuality "1"]

1. e4 c5 2. Nf3 d6 3. d4 cxd4 4. Nxd4 Nf6 5. Nc3 g6 6. Be3 Bg7 7. Bc4 Nc6 8. f3 Bd7 9. Qd2 0-0 10. 0-0-0 Rc8 11. Bb3 Ne5 12. g4 b5 13. g5 b4 14. Nce2 Nh5 15. Qxb4 a5 16. Qd2 a4 17. Bd5 e6 18. Bb7 Rb8 19. f4 Nc4 20. Qc3 Nxe3 21. Qxe3 Rxb7 22. c3 Qb6 23. Qd2 Rfb8 24. b3 e5 25. fxe5 dxe5 26. Nc2 axb3 27. Nb4 bxa2 28. Qxa2 Be6 29. Qa6 Qe3+ 30. Kb2 Qxe4 31. Rhe1 Rxb4+ 32. cxb4 Qxb4+ 33. Kc2 Bb3+ 34. Kd3 Bxd1 35. Rxd1 Qb3+ 36. Nc3 e4+ 37. Ke2 Qxc3 38. Qd6 Qf3+ 39. Kd2 Rb2+ 40. Kc1 Qc3# 0-1

[Event "Liptovsky Mikulas CupT U20"]
[Site "Liptovsky Mikulas"]
[Date "2016.06.22"]
[Round "3.3"]
[White "Grimm, Balazs"]
[Black "Rog, Mateusz"]
[Result "0-1"]
[WhiteElo "1566"]
[BlackElo "1403"]
[PlyCount "44"]
[EventDate "2016.06.21"]
[EventType "team-swiss"]
[EventRounds "8"]
[EventCountry "SVK"]
[SourceTitle "CBM 173 Extra"]
[Source "ChessBase"]
[SourceDate "2016.08.29"]
[SourceVersion "1"]
[SourceVersionDate "2016.08.29"]
[SourceQuality "1"]
[WhiteTeam "Budapest EAC (U20)"]
[BlackTeam "Krakow CC (U20)"]
[WhiteTeamCountry "HUN"]
[BlackTeamCountry "POL"]

1. e4 e5 2. Nc3 Nf6 3. f4 d6 4. Nf3 Nbd7 5. Bc4 Be7 6. d3 c6 7. fxe5 Nxe5 8. Nxe5 dxe5 9. 0-0 b5 10. Bb3 a5 11. a4 b4 12. Ne2 0-0 13. Ng3 Bc5+ 14. Kh1 Ng4 15. Qf3 Nxh2 16. Qh5 Nxf1 17. Nxf1 Be6 18. Qxe5 Qh4+ 19. Qh2 Qe1 20. Qf4 Rfe8 21. Bxe6 Rxe6 22. Qf5 Rf6 0-1

[Event "POL-chT U19 2nd League"]
[Site "Iwonicz"]
[Date "2015.08.01"]
[Round "5.103"]
[White "Gajewski, Marcin"]
[Black "Rog, Mateusz"]
[Result "1-0"]
[WhiteElo "1497"]
[BlackElo "1545"]
[PlyCount "87"]
[EventDate "2015.07.25"]
[EventType "team-swiss"]
[EventRounds "11"]
[EventCountry "POL"]
[SourceTitle "EXT 2019"]
[Source "ChessBase"]
[SourceDate "2018.10.10"]
[SourceVersion "1"]
[SourceVersionDate "2018.10.10"]
[SourceQuality "1"]
[WhiteTeam "Czestochowa UKS Hetman U19"]
[BlackTeam "Krakow KKSz 1893 U19 II"]
[WhiteTeamCountry "POL"]
[BlackTeamCountry "POL"]

1. Nf3 Nf6 2. g3 g6 3. Bg2 Bg7 4. d4 d5 5. 0-0 0-0 6. c4 c6 7. Nc3 Bd7 8. Re1 Qc8 9. cxd5 cxd5 10. Ne5 Be6 11. Bg5 Nc6 12. Nxc6 bxc6 13. Rc1 h6 14. Bxf6 Bxf6 15. Nxd5 Bxd5 16. Bxd5 Qg4 17. Bxc6 Rab8 18. b3 Qxd4 19. Qxd4 Bxd4 20. Red1 Rfd8 21. Kg2 Bb2 22. Rxd8+ Rxd8 23. Rc2 Ba3 24. Bb5 a5 25. Bd3 Kg7 26. Rc4 Bb4 27. Rc6 Rd7 28. Ra6 e5 29. a3 Bd2 30. Rb6 f5 31. b4 e4 32. Ba6 Ra7 33. b5 a4 34. Rc6 f4 35. b6 Rxa6 36. b7 f3+ 37. exf3 exf3+ 38. Kxf3 Rxc6 39. b8Q Rf6+ 40. Kg2 h5 41. Qe5 Bh6 42. Qd4 Kf7 43. Qd7+ Kg8 44. Qxa4 1-0

[Event "POL-chT U19 2nd League"]
[Site "Iwonicz"]
[Date "2015.08.01"]
[Round "9.103"]
[White "Kokoszczynski, Jan"]
[Black "Rog, Mateusz"]
[Result "1-0"]
[WhiteElo "2027"]
[BlackElo "1545"]
[PlyCount "55"]
[EventDate "2015.07.25"]
[EventType "team-swiss"]
[EventRounds "11"]
[EventCountry "POL"]
[SourceTitle "EXT 2019"]
[Source "ChessBase"]
[SourceDate "2018.10.10"]
[SourceVersion "1"]
[SourceVersionDate "2018.10.10"]
[SourceQuality "1"]
[WhiteTeam "Chylice KS Laura U19 II"]
[BlackTeam "Krakow KKSz 1893 U19 II"]
[WhiteTeamCountry "POL"]
[BlackTeamCountry "POL"]

1. e4 e5 2. Nf3 Nc6 3. Bc4 Bc5 4. 0-0 Nf6 5. d4 Bxd4 6. Nxd4 Nxd4 7. f4 d6 8. fxe5 dxe5 9. Bg5 Be6 10. Na3 h6 11. Bxf6 gxf6 12. c3 Nc6 13. Qf3 Qe7 14. Qxf6 Rg8 15. Bxe6 fxe6 16. Rad1 Rd8 17. Rxd8+ Nxd8 18. Qxh6 Nf7 19. Qe3 Qh4 20. Nc4 Rh8 21. h3 Ng5 22. Nxe5 Nxe4 23. Ng6 Qg3 24. Qxg3 Nxg3 25. Nxh8 Nxf1 26. Kxf1 Ke7 27. Ng6+ Kf6 28. Nf4 1-0

[Event "POL-chT U19 2nd League"]
[Site "Iwonicz"]
[Date "2015.08.01"]
[Round "11.85"]
[White "Rog, Mateusz"]
[Black "Szustakowski, Antoni"]
[Result "0-1"]
[WhiteElo "1545"]
[BlackElo "1983"]
[PlyCount "104"]
[EventDate "2015.07.25"]
[EventType "team-swiss"]
[EventRounds "11"]
[EventCountry "POL"]
[SourceTitle "EXT 2019"]
[Source "ChessBase"]
[SourceDate "2018.10.10"]
[SourceVersion "1"]
[SourceVersionDate "2018.10.10"]
[SourceQuality "1"]
[WhiteTeam "Krakow KKSz 1893 U19 II"]
[BlackTeam "Zielonka Zieloni U19"]
[WhiteTeamCountry "POL"]
[BlackTeamCountry "POL"]

1. e4 e6 2. d4 d5 3. exd5 exd5 4. c4 Nf6 5. Nf3 Nc6 6. Be2 Bb4+ 7. Bd2 Bxd2+ 8. Nbxd2 0-0 9. 0-0 Bg4 10. h3 Bh5 11. Ne5 Bxe2 12. Qxe2 Nxd4 13. Qd1 Re8 14. Nef3 Nxf3+ 15. Qxf3 c6 16. Rfe1 Qb6 17. Qa3 Qd4 18. Rxe8+ Rxe8 19. Nb3 Qxc4 20. Qxa7 Qb5 21. Rc1 Ne4 22. Re1 Qa6 23. Qxa6 bxa6 24. Nc5 a5 25. f3 Nd6 26. Rxe8+ Nxe8 27. Nb3 a4 28. Nc5 a3 29. bxa3 Kf8 30. Kf2 Ke7 31. Ke3 Nc7 32. a4 Ne6 33. Nb3 Kd6 34. f4 f5 35. g4 g6 36. gxf5 gxf5 37. Nd2 c5 38. Nf3 d4+ 39. Kd3 Kd5 40. a5 Nxf4+ 41. Kd2 Ne6 42. a6 Kc6 43. Kd3 Kd5 44. Ng5 c4+ 45. Kd2 c3+ 46. Kc2 Nc7 47. Nxh7 Nxa6 48. Nf6+ Ke6 49. Nh5 Nb4+ 50. Kd1 Ke5 51. a4 d3 52. Ng7 c2+ 0-1

[Event "POL-chT U19 2nd League"]
[Site "Iwonicz"]
[Date "2015.08.01"]
[Round "10.103"]
[White "Szarota, Marcin"]
[Black "Rog, Mateusz"]
[Result "1/2-1/2"]
[WhiteElo "1563"]
[BlackElo "1545"]
[PlyCount "85"]
[EventDate "2015.07.25"]
[EventType "team-swiss"]
[EventRounds "11"]
[EventCountry "POL"]
[SourceTitle "EXT 2019"]
[Source "ChessBase"]
[SourceDate "2018.10.10"]
[SourceVersion "1"]
[SourceVersionDate "2018.10.10"]
[SourceQuality "1"]
[WhiteTeam "Nowy Sacz Sandecja U19"]
[BlackTeam "Krakow KKSz 1893 U19 II"]
[WhiteTeamCountry "POL"]
[BlackTeamCountry "POL"]

1. d4 d5 2. c4 c6 3. Nc3 Nf6 4. e3 Bf5 5. Nf3 e6 6. cxd5 cxd5 7. Be2 Be7 8. 0-0 0-0 9. Bd2 Nc6 10. a3 Rc8 11. h3 a6 12. Nh4 Bg6 13. Nxg6 hxg6 14. b4 e5 15. dxe5 Nxe5 16. Bf3 b5 17. Qe2 Qd7 18. Rfd1 Rfd8 19. Be1 Qe6 20. g4 Rc4 21. Bg2 d4 22. Ne4 d3 23. Nxf6+ Bxf6 24. Qa2 Qc8 25. Qb1 Rc2 26. Ra2 Rxa2 27. Qxa2 Qc2 28. Qxc2 dxc2 29. Rxd8+ Bxd8 30. Bd2 Nd3 31. Bb7 Bh4 32. Kf1 c1Q+ 33. Bxc1 Nxc1 34. Bxa6 Nd3 35. f4 Ne1 36. Bxb5 Nc2 37. Ke2 Nxa3 38. Bd3 Be7 39. b5 Bc5 40. e4 Kf8 41. Kd2 Bb4+ 42. Ke3 Bc5+ 43. Kd2 1/2-1/2

[Event "POL-chT U19 44th"]
[Site "Karpacz"]
[Date "2013.07.29"]
[Round "8"]
[White "Grela, Kacper"]
[Black "Rog, Mateusz"]
[Result "1-0"]
[WhiteElo "2003"]
[BlackElo "1465"]
[PlyCount "66"]
[EventDate "2013.07.22"]
[EventType "team-tourn"]
[EventRounds "9"]
[EventCountry "POL"]
[SourceTitle "EXT 2014"]
[Source "ChessBase"]
[SourceDate "2013.11.20"]
[SourceVersion "1"]
[SourceVersionDate "2013.11.20"]
[SourceQuality "1"]
[WhiteTeam "Wroclaw KS Polonia U19"]
[BlackTeam "Krakow KKSz 1893 U19"]
[WhiteTeamCountry "POL"]
[BlackTeamCountry "POL"]

1. e4 e5 2. Nf3 Nc6 3. d4 exd4 4. Nxd4 Nf6 5. Nxc6 bxc6 6. Bd3 Bc5 7. 0-0 d6 8. Nc3 Be6 9. Bg5 h6 10. Bh4 Bd4 11. Na4 0-0 12. c3 Bb6 13. Nxb6 cxb6 14. f4 Qc7 15. Bxf6 gxf6 16. Rf3 Rad8 17. f5 Bc8 18. Rg3+ Kh7 19. Qh5 Rg8 20. Rh3 Rg6 21. fxg6+ Kg8 22. gxf7+ Qxf7 23. Rg3+ Kf8 24. Qxh6+ Ke8 25. Rg7 Qxg7 26. Qxg7 Be6 27. Qxf6 Kd7 28. e5 d5 29. Bf5 Bxf5 30. Qxf5+ Kc7 31. e6 b5 32. Qf7+ Kb6 33. e7 Rd7 1-0